La estadística /
Guardado en:
| Autor Principal: | |
|---|---|
| Formato: | Libro |
| Publicado: |
Buenos Aires :
Eudeba,
1962
|
| Materias: | |
| Etiquetas: |
Agregar Etiqueta
Sin Etiquetas, Sea el primero en etiquetar este registro!
|
| LEADER | 00473nam a22001695a 4500 | ||
|---|---|---|---|
| 001 | CEM.cems016566 | ||
| 005 | 20120628165801.0 | ||
| 008 | 130507s1962##################000#0#####d | ||
| 003 | CEMS | ||
| 082 | 0 | 4 | |a 519.9 |
| 100 | 1 | |a Vessereau, André | |
| 245 | 1 | 0 | |a La estadística / |c André Vessereau, |
| 260 | |a Buenos Aires : |b Eudeba, |c 1962 | ||
| 300 | |a 59 p. | ||
| 653 | |a Estadística | ||
| 653 | |a Métodos estadísticos | ||
| 859 | |a CEMS |b BIB. CEMS - Agricultura |h 519.9 |i V637 |p A17483.93 |t Ej.1 | ||
